July jitters (Record no. 123565)

MARC details
000 -LÍDER
campo de controle de tamanho fixo 01096 a2200229 4500
001 - NÚMERO DE CONTROLE
campo de controle 123565
020 ## - ISBN - INTERNATIONAL STANDARD BOOK NUMBER
ISBN - International Standard Book Number 9780545620666
040 ## - FONTE DA CATALOGAÇÃO
Instituição que transcreveu o registro Escola Canadense de Niteroi
090 ## - NÚMERO DE CHAMADA LOCAL
Número de chamada (OCLC) (R); Número de chamada, CALL (RLIN) (NR) ROY
100 ## - ENTRADA PRINCIPAL--NOME PESSOAL
Nome pessoal Roy, Ron
245 10 - TÍTULO
Título July jitters
250 ## - EDIÇÃO
Edição 1st. ed.
300 ## - DESCRIÇÃO FÍSICA
Extensão 80 p.
Dimensões 9 x 0.25 x 7.56 inches
362 0# - DATAS DE PUBLICAÇÃO E/OU DESIGNAÇÃO SEQUENCIAL
Datas de publicação e/ou designação sequencial 2010
490 0# - TÍTULO DA SÉRIE
Título da série Calendar Mysteries
520 ## - NOTA DE RESUMO, ETC
Resumo, etc. In the seventh book of the Calendar Mysteries - an early chapter book mystery series - the mayor is having a special Fourth of July contest; the person whose pet has the best Independence Day costume gets to be mayor for a day! Bradly, Brian, Nate, and Lucy transform Polly the pony into Thomas Jefferson and Pal the dog into the Declaration of Independence. But when the pet parade rolls around, the animals are nowhere to be found! Maybe they have stage fright. Can the kids find their dressed-up pets and calm them down betfore the Fourth of July fun begins?
650 #4 - ASSUNTO--TERMO TÓPICO
Cabeçalho tópico ou nome geográfico Detective Stories
650 #4 - ASSUNTO--TERMO TÓPICO
Cabeçalho tópico ou nome geográfico Fourth of July
650 #4 - ASSUNTO--TERMO TÓPICO
Cabeçalho tópico ou nome geográfico Children's Literature
650 #4 - ASSUNTO--TERMO TÓPICO
Cabeçalho tópico ou nome geográfico Mystery, Thriller or Terror
942 ## - ELEMENTOS DE ENTRADA ADICIONADOS (KOHA)
Tipo de material Koha Livros
Holdings
Situação do descarte Situação das perdas Situação física Não pode ser emprestado Biblioteca de origem Biblioteca atual Data de aquisição Total de empréstimos Número de chamada completo Código de barras Data de último acesso Data do preço efetivo Tipo de material Koha
        Canadian School of Niterói - Piratininga Canadian School of Niterói - Piratininga 09/02/2024   ROY A14797 09/02/2024 09/02/2024 Livros